[Event "DM 2022 G7 Grp1"]
[Site "Svendborg"]
[Date "2022.04.14"]
[Round "3"]
[White "Marthedal, Anton Mehmet Yildiz"]
[Black "Jensen, Tobias Ilsoe"]
[Result "0-1"]
[WhiteElo "2025"]
[BlackElo "2154"]
[PlyCount "84"]
[EventDate "2022.04.12"]
[EventType "swiss"]
[EventRounds "7"]
[EventCountry "DEN"]

1. Nf3 d5 2. d4 c5 3. dxc5 e6 4. Bg5 Nf6 5. e3 Bxc5 6. Bb5+ Bd7 7. Bd3 Nc6 8.
O-O h6 9. Bh4 e5 10. e4 g5 11. exd5 Ne7 12. Bg3 e4 13. d6 Nf5 14. Re1 Nxg3 15.
hxg3 Qb6 16. Qd2 O-O-O 17. Bxe4 Nxe4 18. Rxe4 Bc6 19. Re2 Qxb2 20. Qc3 Qxc3 21.
Nxc3 g4 22. Ne5 Bd4 23. Nxf7 Bxc3 24. Rd1 Rh7 25. Re7 Rxf7 26. Rxf7 Be5 27.
Rc7+ Kb8 28. Rh7 Rxd6 29. Rxd6 Bxd6 30. Rxh6 Kc7 31. Rg6 Bd7 32. Kf1 a5 33. Ke2
a4 34. Kd2 a3 35. Rg7 Kc6 36. c4 Be6 37. Rg6 Bxc4 38. Rxg4 Bxa2 39. Ra4 Bb3 40.
Ra8 a2 41. f4 Be6 42. Kc3 Be7 0-1

[Event "DM 2022 G7 Grp1"]
[Site "Svendborg"]
[Date "2022.04.14"]
[Round "3"]
[White "Gregor, Bjarke"]
[Black "Hansen, Erik Olsgaard"]
[Result "1-0"]
[WhiteElo "2077"]
[BlackElo "1974"]
[PlyCount "58"]
[EventDate "2022.04.12"]
[EventType "swiss"]
[EventRounds "7"]
[EventCountry "DEN"]

1. e4 c6 2. d4 d5 3. Nd2 dxe4 4. Nxe4 Nf6 5. Nxf6+ exf6 6. c3 Bd6 7. Bd3 O-O 8.
Qc2 Re8+ 9. Ne2 h5 10. Bd2 Be6 11. O-O-O b5 12. Kb1 Qb6 13. Rhg1 Nd7 14. g4 h4
15. g5 Bxh2 16. Rg2 Bd6 17. gxf6 Nxf6 18. Rdg1 h3 19. Rxg7+ Kf8 20. Bh6 Ke7 21.
Ng3 Kd7 22. Bf5 Kd8 23. Bg5 Be7 24. Bxe6 fxe6 25. Rxe7 Rxe7 26. Bxf6 Kd7 27.
Bxe7 Kxe7 28. Qh7+ Kd6 29. Ne4+ Kd5 1-0

[Event "DM 2022 G7 Grp1"]
[Site "Svendborg"]
[Date "2022.04.14"]
[Round "3"]
[White "Svendsen, Peter Willer"]
[Black "Nielsen, Thomas"]
[Result "1/2-1/2"]
[WhiteElo "1909"]
[BlackElo "1924"]
[PlyCount "91"]
[EventDate "2022.04.12"]
[EventType "swiss"]
[EventRounds "7"]
[EventCountry "DEN"]

1. e4 c6 2. d4 d5 3. Nc3 dxe4 4. Nxe4 Bf5 5. Ng3 Bg6 6. Bc4 Nf6 7. N1e2 Nbd7 8.
Nf4 e5 9. Nxg6 hxg6 10. O-O Nb6 11. dxe5 Qxd1 12. Rxd1 Nxc4 13. exf6 gxf6 14.
b3 Ne5 15. f4 Bc5+ 16. Kf1 Nd7 17. Ne4 Be7 18. h3 Kd8 19. Bb2 Kc7 20. Rd3 Rh4
21. Rf3 Re8 22. Rd1 Bd8 23. Ng3 f5 24. Ne2 Re6 25. Rfd3 Re7 26. c4 Kc8 27. Ba3
c5 28. Bb2 Bc7 29. g3 Rxh3 30. Kg2 Rh7 31. Nc3 Nb6 32. Ba3 Re8 33. Bxc5 Reh8
34. Nb5 Rh2+ 35. Kf3 Rxa2 36. Nd6+ Bxd6 37. Rxd6 Rhh2 38. Rd8+ Kc7 39. Rf8 Kc6
40. Bd4 Ra3 41. Rd3 Rh7 42. Bb2 Ra5 43. Be5 Ra2 44. Rfd8 Rhh2 45. Bd4 Rh1 46.
Bxb6 1/2-1/2

[Event "DM 2022 G7 Grp1"]
[Site "Svendborg"]
[Date "2022.04.14"]
[Round "3"]
[White "Rossen, Claus"]
[Black "Ramkilde, Mikael"]
[Result "1/2-1/2"]
[WhiteElo "2159"]
[BlackElo "1911"]
[PlyCount "134"]
[EventDate "2022.04.12"]
[EventType "swiss"]
[EventRounds "7"]
[EventCountry "DEN"]

1. e4 c6 2. d4 d5 3. f3 e6 4. e5 c5 5. c3 Nc6 6. f4 Bd7 7. Nf3 Qb6 8. Qb3 Qxb3
9. axb3 cxd4 10. Nxd4 Nxd4 11. cxd4 Ne7 12. Bd2 Nf5 13. Bc3 Ne3 14. Kd2 Nxf1+
15. Rxf1 Be7 16. Na3 Rg8 17. Nc2 g5 18. f5 g4 19. fxe6 fxe6 20. Bb4 Bg5+ 21.
Ne3 h5 22. Rae1 a5 23. Bd6 Bc6 24. Rf2 Ra6 25. Ref1 Rb6 26. Rf8+ Rxf8 27. Rxf8+
Kd7 28. b4 a4 29. Rg8 Bd8 30. Rg7+ Ke8 31. Rg8+ Kd7 32. Rh8 Ra6 33. b5 Bxb5 34.
Rxh5 Ba5+ 35. Kd1 Bd3 36. Nxg4 b5 37. Rh3 Bf5 38. Nf6+ Kc6 39. g4 Bg6 40. Rh8
Bb6 41. Bc5 b4 42. Bxb4 Bxd4 43. Rc8+ Kb7 44. Rg8 Be3 45. Nd7 Rc6 46. Ba3 Bd3
47. b4 Rc3 48. Bb2 Rb3 49. Bc1 Rb1 50. Nc5+ Bxc5 51. bxc5 a3 52. c6+ Ka7 53.
Rg7+ Kb8 54. Rb7+ Rxb7 55. cxb7 a2 56. Bb2 Kxb7 57. Kd2 Be4 58. Ke3 Kc6 59. h4
Kd7 60. h5 Ke7 61. g5 Kf7 62. Kf4 Kg7 63. g6 Kh6 64. Kg4 Bf5+ 65. Kh4 Be4 66.
Bc1+ Kg7 67. Bb2 Bf3 1/2-1/2

[Event "DM 2022 G7 Grp1"]
[Site "Svendborg"]
[Date "2022.04.14"]
[Round "3"]
[White "Kovshoj, Sune"]
[Black "Hollesen, Kurt"]
[Result "1/2-1/2"]
[WhiteElo "2125"]
[BlackElo "1911"]
[PlyCount "60"]
[EventDate "2022.04.12"]
[EventType "swiss"]
[EventRounds "7"]
[EventCountry "DEN"]

1. c4 e6 2. g3 d5 3. Bg2 c6 4. Nf3 Nd7 5. d4 Bd6 6. O-O f5 7. Ng5 Ndf6 8. f3 h6
9. Nh3 Ne7 10. e4 dxe4 11. fxe4 e5 12. Nc3 exd4 13. Qxd4 Bc7 14. Be3 O-O 15.
Nf2 Be6 16. b3 Qb8 17. Qd2 Rd8 18. Qe2 f4 19. gxf4 Bxf4 20. Bxf4 Qxf4 21. Nd3
Qg5 22. e5 Ng4 23. Rae1 Nxh2 24. Kxh2 Qh4+ 25. Kg1 Qd4+ 26. Kh1 Qxd3 27. Qxd3
Rxd3 28. Ne4 Bh3 29. Bxh3 Rxh3+ 30. Kg2 Rd3 1/2-1/2

[Event "DM 2022 G7 Grp1"]
[Site "Svendborg"]
[Date "2022.04.14"]
[Round "3"]
[White "Jensen, Morten Frank"]
[Black "Nielsen, Karsten Ejvind"]
[Result "0-1"]
[WhiteElo "2023"]
[BlackElo "1789"]
[PlyCount "102"]
[EventDate "2022.04.12"]
[EventType "swiss"]
[EventRounds "7"]
[EventCountry "DEN"]

1. d4 Nf6 2. Nc3 d5 3. Bf4 c6 4. e3 Bf5 5. f3 e6 6. g4 Bg6 7. h4 h6 8. Bd3 Bxd3
9. Qxd3 Bd6 10. Nge2 Na6 11. O-O-O Bxf4 12. Nxf4 Qd6 13. Kb1 O-O-O 14. Nce2 Kb8
15. g5 Nd7 16. c4 dxc4 17. Qxc4 g6 18. e4 Nc7 19. Nd3 Nb5 20. Nc5 Nb6 21. Qb4
hxg5 22. a4 Nxa4 23. Qxa4 gxh4 24. Qb4 a6 25. Nc3 h3 26. Nxb5 axb5 27. Qa5 Qc7
28. Qxc7+ Kxc7 29. Kc2 Rh4 30. Rh2 b6 31. Nb3 f5 32. e5 g5 33. Rg1 g4 34. f4
Rd5 35. Rg3 c5 36. Kc3 Kc6 37. dxc5 bxc5 38. Nc1 b4+ 39. Kc2 c4 40. Ne2 Rh8 41.
b3 Kc5 42. bxc4 Kxc4 43. Re3 Ra8 44. Nc1 Rd4 45. Rf2 Rh8 46. Rh2 Rxf4 47. Ne2
Rf1 48. Ng3 Ra1 49. Rh1 Ra2+ 50. Kc1 Rha8 51. Ree1 b3 0-1

[Event "DM 2022 G7 Grp1"]
[Site "Svendborg"]
[Date "2022.04.14"]
[Round "3"]
[White "Andersen, Rune Egede"]
[Black "Poulsen, Peter Risgaard"]
[Result "1-0"]
[WhiteElo "1981"]
[BlackElo "1870"]
[PlyCount "71"]
[EventDate "2022.04.12"]
[EventType "swiss"]
[EventRounds "7"]
[EventCountry "DEN"]

1. e4 d6 2. d4 Nf6 3. Nc3 Nbd7 4. Nf3 e5 5. Bc4 Be7 6. O-O h6 7. Re1 c6 8. a4
a5 9. h3 Qc7 10. Bf1 g5 11. d5 Nf8 12. Bc4 Ng6 13. Nh2 Nf4 14. Ra3 Rg8 15. Ng4
Bxg4 16. hxg4 Qd7 17. dxc6 bxc6 18. Nd5 N4xd5 19. exd5 Qxg4 20. Be2 Qc8 21.
dxc6 d5 22. Rh3 g4 23. Rxh6 g3 24. fxg3 Bc5+ 25. Kh2 Ke7 26. Rf1 Ng4+ 27. Bxg4
Qxg4 28. Rxf7+ Ke8 29. Qxg4 Rxg4 30. Rf5 Ra7 31. Rh8+ Ke7 32. Bg5+ Kd6 33. Rf6+
Kc7 34. Rh7+ Kb6 35. c7+ Kb7 36. Rg6 1-0

[Event "DM 2022 G7 Grp1"]
[Site "Svendborg"]
[Date "2022.04.14"]
[Round "3"]
[White "Steenstrup, Svend"]
[Black "Zander, Emil"]
[Result "0-1"]
[WhiteElo "1941"]
[BlackElo "1968"]
[PlyCount "54"]
[EventDate "2022.04.12"]
[EventType "swiss"]
[EventRounds "7"]
[EventCountry "DEN"]

1. d4 Nf6 2. c4 g6 3. Nc3 d5 4. Bg5 Ne4 5. Bf4 Nxc3 6. bxc3 Bg7 7. Nf3 c5 8. e3
Nc6 9. cxd5 Qxd5 10. Be2 cxd4 11. cxd4 O-O 12. h4 h6 13. Rc1 Qxa2 14. Rc5 Bg4
15. h5 Bxh5 16. Rhxh5 gxh5 17. Ne5 Nxe5 18. Bxe5 b6 19. Bxg7 bxc5 20. Bxf8 Rxf8
21. Bxh5 Qa5+ 22. Kf1 cxd4 23. exd4 Rb8 24. g3 Qf5 25. Kg2 Rb2 26. Bf3 Qc2 27.
Qf1 a5 0-1

[Event "DM 2022 G7 Grp1"]
[Site "Svendborg"]
[Date "2022.04.14"]
[Round "3"]
[White "Jalving, August"]
[Black "Bratholm, Palle"]
[Result "1-0"]
[WhiteElo "1879"]
[BlackElo "2100"]
[PlyCount "79"]
[EventDate "2022.04.12"]
[EventType "swiss"]
[EventRounds "7"]
[EventCountry "DEN"]

1. d4 Nf6 2. c4 e6 3. Nf3 Bb4+ 4. Bd2 Bxd2+ 5. Nbxd2 d5 6. g3 O-O 7. Bg2 b6 8.
O-O Bb7 9. Ne5 Nbd7 10. Ndf3 dxc4 11. Nxc4 c5 12. dxc5 Nxc5 13. Qxd8 Rfxd8 14.
Rad1 h6 15. Nfe5 Bxg2 16. Kxg2 Nd5 17. Kf3 f6 18. Nc6 Rdc8 19. Nd4 Na4 20. b3
Nac3 21. Rd2 e5 22. Nf5 e4+ 23. Kg2 Rd8 24. f3 Kh7 25. fxe4 Nxe4 26. Rd4 Ndc3
27. Rf4 g6 28. Nfd6 f5 29. Nxe4 Nxe4 30. Rxd8 Rxd8 31. g4 Rf8 32. Ne3 Nd6 33.
gxf5 gxf5 34. Rd4 Rf6 35. Kf3 Kg6 36. Nd5 Re6 37. Nf4+ Kf6 38. Nxe6 Kxe6 39.
Rh4 Nf7 40. Kf4 1-0

[Event "DM 2022 G7 Grp1"]
[Site "Svendborg"]
[Date "2022.04.14"]
[Round "3"]
[White "Saravana, Vedant Kumar"]
[Black "Rasmussen, Johnny Koust"]
[Result "1-0"]
[WhiteElo "1877"]
[BlackElo "1826"]
[PlyCount "71"]
[EventDate "2022.04.12"]
[EventType "swiss"]
[EventRounds "7"]
[EventCountry "DEN"]

1. e4 e5 2. Nf3 Nc6 3. Bc4 Bc5 4. c3 Nf6 5. d3 d6 6. O-O a6 7. Bb3 h6 8. h3 O-O
9. Nbd2 Be6 10. Re1 Ba7 11. Nf1 Ne7 12. d4 exd4 13. cxd4 Ng6 14. Bxe6 fxe6 15.
Qb3 Qc8 16. Bd2 d5 17. Ng3 c6 18. h4 Qc7 19. h5 Ne7 20. Bb4 Rfe8 21. Rac1 Rad8
22. e5 Nh7 23. Bd6 Qc8 24. Ne2 Nf5 25. Bb4 Qd7 26. g4 Ne7 27. Qd3 Rf8 28. Nh4
Ng5 29. f4 Ne4 30. Bxe7 Qxe7 31. Ng6 Qb4 32. a3 Qd2 33. Qxd2 Nxd2 34. Nxf8 Rxf8
35. Kg2 Nc4 36. Kg3 1-0

[Event "DM 2022 G7 Grp1"]
[Site "Svendborg"]
[Date "2022.04.14"]
[Round "3"]
[White "Christensen, John Christopher H"]
[Black "Strachan, Christian C"]
[Result "1/2-1/2"]
[WhiteElo "1837"]
[BlackElo "1849"]
[PlyCount "76"]
[EventDate "2022.04.12"]
[EventType "swiss"]
[EventRounds "7"]
[EventCountry "DEN"]

1. e4 e6 2. d4 d5 3. exd5 exd5 4. Bd3 Bd6 5. Nf3 Ne7 6. Bg5 f6 7. Bh4 Nbc6 8.
c3 Bf5 9. Bg3 Bxd3 10. Qxd3 O-O 11. Nbd2 b5 12. O-O Rb8 13. Rac1 Qd7 14. Rfe1
Rfe8 15. Bxd6 cxd6 16. Nf1 Na5 17. b3 a6 18. Ne3 Rbc8 19. Qd2 Nb7 20. c4 dxc4
21. bxc4 d5 22. c5 Nc6 23. h3 Nba5 24. Red1 Nc4 25. Nxc4 bxc4 26. Rb1 Rb8 27.
a3 Qc7 28. Qc2 Rb5 29. Qf5 Ne7 30. Qe6+ Kf8 31. Rxb5 axb5 32. Re1 Qc6 33. Qg4
Ng6 34. Rxe8+ Qxe8 35. Qf5 Qe4 36. Qc8+ Qe8 37. Qf5 Qe4 38. Qc8+ Qe8 1/2-1/2

[Event "DM 2022 G7 Grp1"]
[Site "Svendborg"]
[Date "2022.04.15"]
[Round "4"]
[White "Jensen, Tobias Ilsoe"]
[Black "Gregor, Bjarke"]
[Result "1-0"]
[WhiteElo "2154"]
[BlackElo "2077"]
[PlyCount "117"]
[EventDate "2022.04.12"]
[EventType "swiss"]
[EventRounds "7"]
[EventCountry "DEN"]

1. d4 Nf6 2. c4 e6 3. Nc3 d5 4. cxd5 exd5 5. Bg5 c6 6. Qc2 Bd6 7. e3 O-O 8. Bd3
h6 9. Bh4 Re8 10. Nge2 a5 11. Bg3 Na6 12. a3 Nc7 13. O-O Ne6 14. Rad1 Ng5 15.
Rfe1 Bg4 16. Kf1 Bxg3 17. hxg3 Qd6 18. Rc1 Re7 19. Nf4 Rae8 20. Qa4 Qd8 21.
Nce2 Nfe4 22. Rc2 b5 23. Qb3 Nxf2 24. Kxf2 Rxe3 25. Rxc6 Ne4+ 26. Kg1 Nxg3 27.
Nxg3 Rxe1+ 28. Kf2 Qg5 29. Nfe2 Bxe2 30. Bxe2 Qd2 31. Qxb5 Re3 32. Rc8+ Kh7 33.
Rc2 Qxc2 34. Kxe3 Qc8 35. Qxd5 Qe8+ 36. Qe4+ Qxe4+ 37. Nxe4 Rb1 38. d5 Kg8 39.
d6 Kf8 40. d7 Ke7 41. Bb5 Rxb2 42. Nd6 Rxb5 43. Nxb5 Kxd7 44. Nd4 g6 45. Nb3
Kc6 46. Nxa5+ Kb5 47. Nb7 Ka4 48. Nd6 f6 49. Ne8 f5 50. Kf4 Kxa3 51. Nd6 Kb4
52. Nf7 Kc5 53. Ne5 Kd6 54. Nxg6 Ke6 55. Nh4 Kf6 56. Nxf5 Kg6 57. Kg4 h5+ 58.
Kf4 Kf6 59. Nh4 1-0

[Event "DM 2022 G7 Grp1"]
[Site "Svendborg"]
[Date "2022.04.15"]
[Round "4"]
[White "Zander, Emil"]
[Black "Marthedal, Anton Mehmet Yildiz"]
[Result "1-0"]
[WhiteElo "1968"]
[BlackElo "2025"]
[PlyCount "57"]
[EventDate "2022.04.12"]
[EventType "swiss"]
[EventRounds "7"]
[EventCountry "DEN"]

1. e4 e5 2. Nf3 Nf6 3. Nxe5 d6 4. Nf3 Nxe4 5. Nc3 Nxc3 6. dxc3 Be7 7. Be3 O-O
8. Qd2 Nd7 9. O-O-O Nf6 10. Bd3 c5 11. c4 b5 12. cxb5 a6 13. bxa6 Be6 14. Ng5
Bxa2 15. b3 d5 16. Kb2 c4 17. Bxc4 h6 18. Bxd5 Nxd5 19. Qxd5 Bf6+ 20. c3 Qe7
21. Qe4 Bxg5 22. Qxe7 Bxe7 23. Kxa2 Rxa6+ 24. Kb2 Rfa8 25. Ra1 Ba3+ 26. Kc2 Kh7
27. b4 Kg6 28. Kb3 Kf5 29. Ra2 1-0

[Event "DM 2022 G7 Grp1"]
[Site "Svendborg"]
[Date "2022.04.15"]
[Round "4"]
[White "Hansen, Erik Olsgaard"]
[Black "Jalving, August"]
[Result "0-1"]
[WhiteElo "1974"]
[BlackElo "1879"]
[PlyCount "36"]
[EventDate "2022.04.12"]
[EventType "swiss"]
[EventRounds "7"]
[EventCountry "DEN"]

1. e4 c6 2. d4 d5 3. Nc3 dxe4 4. Nxe4 Nf6 5. Nxf6+ exf6 6. c3 Bd6 7. Bd3 O-O 8.
Qc2 Re8+ 9. Ne2 h5 10. O-O Nd7 11. Ng3 Bxg3 12. fxg3 Nf8 13. Bd2 Bg4 14. Rae1
Qd7 15. Bf4 Rad8 16. h3 Be6 17. Be2 Bf5 18. Bf3 Bxc2 0-1

[Event "DM 2022 G7 Grp1"]
[Site "Svendborg"]
[Date "2022.04.15"]
[Round "4"]
[White "Nielsen, Karsten Ejvind"]
[Black "Svendsen, Peter Willer"]
[Result "1-0"]
[WhiteElo "1789"]
[BlackElo "1909"]
[PlyCount "69"]
[EventDate "2022.04.12"]
[EventType "swiss"]
[EventRounds "7"]
[EventCountry "DEN"]

1. e4 e5 2. Nf3 Nf6 3. Nxe5 d6 4. Nf3 Nxe4 5. d4 d5 6. Bd3 Nc6 7. O-O Be7 8.
Nc3 Nxc3 9. bxc3 O-O 10. Re1 Bg4 11. Rb1 Rb8 12. Bf4 h6 13. Re3 Bd6 14. Bxd6
Qxd6 15. h3 Bxf3 16. Qxf3 Rfe8 17. Rxe8+ Rxe8 18. Rxb7 Nxd4 19. cxd4 Re1+ 20.
Bf1 Rxf1+ 21. Kxf1 Qa6+ 22. Qd3 Qxb7 23. Qb3 Qa6+ 24. Ke1 c6 25. a4 g6 26. f4
Qc8 27. Kd2 Qf5 28. Qb8+ Kg7 29. Qxa7 Qxf4+ 30. Kc3 Qe3+ 31. Kb2 Qd2 32. Qb6
Qxg2 33. a5 Qe2 34. a6 c5 35. a7 1-0

[Event "DM 2022 G7 Grp1"]
[Site "Svendborg"]
[Date "2022.04.15"]
[Round "4"]
[White "Ramkilde, Mikael"]
[Black "Andersen, Rune Egede"]
[Result "0-1"]
[WhiteElo "1911"]
[BlackElo "1981"]
[PlyCount "60"]
[EventDate "2022.04.12"]
[EventType "swiss"]
[EventRounds "7"]
[EventCountry "DEN"]

1. d4 d5 2. Nf3 Nf6 3. e3 e6 4. c3 c5 5. Bd3 Nc6 6. Nbd2 Bd6 7. O-O O-O 8. dxc5
Bxc5 9. b4 Bd6 10. Bb2 Re8 11. a3 e5 12. e4 Bg4 13. Re1 a6 14. exd5 Nxd5 15.
Qc2 h6 16. h3 Bxf3 17. Nxf3 Nf4 18. Be4 Rc8 19. Rad1 Qf6 20. Re3 Bb8 21. Nh2
Ba7 22. Rg3 Nd4 23. Rxd4 exd4 24. c4 Qe6 25. Ng4 h5 26. Bf5 Qe1+ 27. Kh2 hxg4
28. Bh7+ Kf8 29. Qf5 Ne2 30. Bg6 Qg1# 0-1

[Event "DM 2022 G7 Grp1"]
[Site "Svendborg"]
[Date "2022.04.15"]
[Round "4"]
[White "Hollesen, Kurt"]
[Black "Rossen, Claus"]
[Result "1-0"]
[WhiteElo "1911"]
[BlackElo "2159"]
[PlyCount "95"]
[EventDate "2022.04.12"]
[EventType "swiss"]
[EventRounds "7"]
[EventCountry "DEN"]

1. e4 c5 2. c4 Nc6 3. Nc3 g6 4. g3 Bg7 5. Bg2 Nf6 6. Nge2 O-O 7. O-O d6 8. h3
Ne8 9. d3 Nc7 10. Be3 Ne6 11. Qd2 Ned4 12. Kh2 Rb8 13. Rab1 a6 14. Bh6 b5 15.
Bxg7 Kxg7 16. Nxd4 cxd4 17. cxb5 axb5 18. Ne2 e5 19. b4 Ra8 20. f4 f6 21. f5
Bb7 22. g4 g5 23. Rh1 Ne7 24. h4 h6 25. hxg5 hxg5 26. Kg3 Rh8 27. Rxh8 Qxh8 28.
Rh1 Qg8 29. Nc1 d5 30. Bf3 dxe4 31. dxe4 Rc8 32. Nb3 Rc3 33. Nc5 Bc8 34. Qe2
Ng6 35. fxg6 Bxg4 36. Kxg4 Qc8+ 37. Kg3 g4 38. Rh7+ Kxg6 39. Qh2 Rxf3+ 40. Kg2
Rh3 41. Rxh3 gxh3+ 42. Qxh3 Qxh3+ 43. Kxh3 f5 44. Kg3 fxe4 45. Nxe4 Kf5 46. Kf3
Ke6 47. Ke2 Kd5 48. Kd3 1-0

[Event "DM 2022 G7 Grp1"]
[Site "Svendborg"]
[Date "2022.04.15"]
[Round "4"]
[White "Nielsen, Thomas"]
[Black "Kovshoj, Sune"]
[Result "0-1"]
[WhiteElo "1924"]
[BlackElo "2125"]
[PlyCount "122"]
[EventDate "2022.04.12"]
[EventType "swiss"]
[EventRounds "7"]
[EventCountry "DEN"]

1. d4 Nf6 2. c4 g6 3. Nc3 Bg7 4. e4 d6 5. Nf3 O-O 6. h3 e5 7. d5 c6 8. Be2 Ne8
9. g4 Bd7 10. Be3 Na6 11. Qd2 cxd5 12. cxd5 Nc5 13. Nh2 Qa5 14. O-O Rc8 15. Kg2
b5 16. b4 Qxb4 17. Rfb1 Qa3 18. Bxb5 Bxb5 19. Nxb5 Qa6 20. f3 f5 21. gxf5 gxf5
22. Rb4 fxe4 23. Rab1 exf3+ 24. Nxf3 Nf6 25. Ng5 e4 26. Nc3 Qd3 27. Ncxe4 Qxd2+
28. Bxd2 Ncxe4 29. Nxe4 Nxe4 30. Rxe4 Rc2 31. Re2 Rxa2 32. Rb3 Rc8 33. Rf3 h5
34. Rff2 Rcc2 35. Kf3 Be5 36. Rg2+ Kf7 37. Ke4 Rc4+ 38. Kf5 Ra3 39. h4 Rf3+ 40.
Kg5 Bf6+ 41. Kh6 Rxh4 42. Ref2 Rhh3 43. Bb4 Be5 44. Ra2 Bd4 45. Kh7 Ke7 46.
Rge2+ Re3 47. Rec2 Kd7 48. Rg2 Re7+ 49. Kh6 Rf3 50. Rg6 Be3+ 51. Kxh5 Rf5+ 52.
Kh4 Rf4+ 53. Rg4 Ree4 54. Bxd6 Rxg4+ 55. Kh3 Kxd6 56. Ra6+ Bb6 57. Ra2 Rg6 58.
Rc2 Kxd5 59. Rd2+ Bd4 60. Ra2 Re7 61. Rd2 Rh7# 0-1

[Event "DM 2022 G7 Grp1"]
[Site "Svendborg"]
[Date "2022.04.15"]
[Round "4"]
[White "Saravana, Vedant Kumar"]
[Black "Jensen, Morten Frank"]
[Result "0-1"]
[WhiteElo "1877"]
[BlackElo "2023"]
[PlyCount "50"]
[EventDate "2022.04.12"]
[EventType "swiss"]
[EventRounds "7"]
[EventCountry "DEN"]

1. e4 c6 2. d4 d5 3. Nc3 dxe4 4. Nxe4 Nf6 5. Nxf6+ exf6 6. Nf3 Bd6 7. Bd3 O-O
8. Be3 Re8 9. Qd2 Nd7 10. O-O-O Nf8 11. c4 Be6 12. Qc2 Rc8 13. Kb1 b5 14. c5
Be7 15. Rhg1 g6 16. h4 h5 17. Be4 Bd5 18. g4 hxg4 19. Rxg4 f5 20. Bxd5 fxg4 21.
Bb3 gxf3 22. Rg1 Kg7 23. Qf5 Bf6 24. Qh5 Rxe3 25. Qf5 Re1+ 0-1

[Event "DM 2022 G7 Grp1"]
[Site "Svendborg"]
[Date "2022.04.15"]
[Round "4"]
[White "Poulsen, Peter Risgaard"]
[Black "Steenstrup, Svend"]
[Result "0-1"]
[WhiteElo "1870"]
[BlackElo "1941"]
[PlyCount "88"]
[EventDate "2022.04.12"]
[EventType "swiss"]
[EventRounds "7"]
[EventCountry "DEN"]

1. d4 Nf6 2. Bf4 d5 3. e3 c5 4. c3 Nc6 5. Nf3 e6 6. Bd3 Qb6 7. Qb3 c4 8. Qxb6
axb6 9. Bc2 b5 10. b4 cxb3 11. Bxb3 Na5 12. Nfd2 Ne4 13. f3 Nxb3 14. Nxb3 Nd6
15. O-O Nc4 16. e4 Be7 17. exd5 g5 18. Bc1 exd5 19. Re1 Be6 20. f4 Rg8 21. fxg5
b6 22. N1d2 Na3 23. Bxa3 Bxa3 24. Rab1 Be7 25. Rb2 b4 26. cxb4 Bxb4 27. Re5 Bc3
28. Rc2 Bb4 29. Rc6 Kd7 30. Rxb6 Bd6 31. Nc5+ Kc7 32. Rxd6 Kxd6 33. a4 Rgb8 34.
Ndb3 Rb4 35. a5 Rxd4 36. Rxe6+ fxe6 37. Nxd4 Kxc5 38. Nxe6+ Kd6 39. Nf4 Rxa5
40. h4 Ke5 41. g3 Kf5 42. Kf2 d4 43. h5 Ke4 44. Ne6 Ra2+ 0-1

[Event "DM 2022 G7 Grp1"]
[Site "Svendborg"]
[Date "2022.04.15"]
[Round "4"]
[White "Bratholm, Palle"]
[Black "Christensen, John Christopher H"]
[Result "0-1"]
[WhiteElo "2100"]
[BlackElo "1837"]
[PlyCount "72"]
[EventDate "2022.04.12"]
[EventType "swiss"]
[EventRounds "7"]
[EventCountry "DEN"]

1. c4 c5 2. Nf3 Nc6 3. Nc3 e6 4. e3 Nge7 5. b3 d5 6. Bb2 d4 7. exd4 cxd4 8. Nb5
e5 9. d3 Ng6 10. a4 Bg4 11. Be2 Bb4+ 12. Kf1 Be6 13. h4 O-O 14. g3 a6 15. Na3
f5 16. Nc2 Bd6 17. Kg2 Bd7 18. b4 Qf6 19. b5 Nd8 20. Nd2 Ne6 21. Bf3 Nc5 22.
Qe2 Kh8 23. h5 Ne7 24. Rh4 g5 25. hxg6 Nxg6 26. Rh2 Qg5 27. Kh1 Rg8 28. Nxd4
exd4 29. Bxd4+ Rg7 30. Bxg7+ Kxg7 31. d4 Re8 32. Qd1 Nd3 33. Qc2 Nxf2+ 34. Rxf2
Bxg3 35. Rg2 Qh4+ 36. Kg1 Qxd4+ 0-1

[Event "DM 2022 G7 Grp1"]
[Site "Svendborg"]
[Date "2022.04.15"]
[Round "4"]
[White "Rasmussen, Johnny Koust"]
[Black "Strachan, Christian C"]
[Result "1-0"]
[WhiteElo "1826"]
[BlackElo "1849"]
[PlyCount "119"]
[EventDate "2022.04.12"]
[EventType "swiss"]
[EventRounds "7"]
[EventCountry "DEN"]

1. e4 e6 2. d4 d5 3. exd5 exd5 4. c4 Bb4+ 5. Nc3 Qe7+ 6. Be3 Nf6 7. a3 Bxc3+ 8.
bxc3 O-O 9. Nf3 Be6 10. c5 b6 11. cxb6 axb6 12. Qc1 Nc6 13. Bb5 Na5 14. Qb2 Ne4
15. O-O Nd6 16. Qb4 Qd8 17. Ne5 Nxb5 18. Qxb5 f6 19. Nf3 Nc4 20. Bc1 Ra5 21.
Qb3 Bd7 22. Nd2 Ba4 23. Qa2 Bb5 24. Rd1 Ba4 25. Rf1 b5 26. Nxc4 bxc4 27. Re1
Re8 28. Bf4 Ra8 29. Rxe8+ Bxe8 30. Qe2 Bf7 31. h3 Qd7 32. Qb2 g5 33. Be3 c6 34.
a4 Qc7 35. Qa3 Rb8 36. Qc1 Bg6 37. g3 Rb3 38. Kh2 Qb7 39. Qe1 Qe7 40. Bd2 Qe4
41. Qxe4 dxe4 42. a5 Rb8 43. a6 Be8 44. a7 Ra8 45. Ra5 Bd7 46. Bc1 Kf7 47. Ba3
Ke6 48. Bc5 Bc8 49. Ra4 Kd7 50. Rxc4 f5 51. Rb4 Kc7 52. Kg1 Bb7 53. Kf1 Re8 54.
Ke2 f4 55. gxf4 gxf4 56. Rb1 Ba6+ 57. Ke1 Bb7 58. Bd6+ Kc8 59. Bxf4 Rg8 60.
a8=Q+ 1-0

[Event "DM 2022 G7 Grp1"]
[Site "Svendborg"]
[Date "2022.04.17"]
[Round "6"]
[White "Jensen, Tobias Ilsoe"]
[Black "Zander, Emil"]
[Result "0-1"]
[WhiteElo "2154"]
[BlackElo "1968"]
[PlyCount "52"]
[EventDate "2022.04.12"]
[EventType "swiss"]
[EventRounds "7"]
[EventCountry "DEN"]

1. d4 Nf6 2. c4 g6 3. h4 Bg7 4. Nc3 d5 5. h5 gxh5 6. cxd5 Nxd5 7. Rxh5 c6 8. e4
Nxc3 9. bxc3 e5 10. Bc4 exd4 11. Ba3 b5 12. Bb3 dxc3 13. Qf3 Qf6 14. Rd1 Be6
15. Qd3 Nd7 16. Nf3 O-O-O 17. Qe3 Nb6 18. Bd6 Bxb3 19. e5 Qg6 20. Rg5 Qc2 21.
Rc1 Qxa2 22. Qxc3 Bc4 23. Nd2 Rxd6 24. Rxg7 Rd3 25. Qb4 a5 26. Qb1 Qxd2+ 0-1

[Event "DM 2022 G7 Grp1"]
[Site "Svendborg"]
[Date "2022.04.17"]
[Round "6"]
[White "Gregor, Bjarke"]
[Black "Andersen, Rune Egede"]
[Result "0-1"]
[WhiteElo "2077"]
[BlackElo "1981"]
[PlyCount "34"]
[EventDate "2022.04.12"]
[EventType "swiss"]
[EventRounds "7"]
[EventCountry "DEN"]

1. e4 d5 2. exd5 Qxd5 3. Nc3 Qa5 4. d4 Nf6 5. Bd2 c6 6. Bc4 Bf5 7. Qe2 e6 8. d5
cxd5 9. Nxd5 Qd8 10. O-O-O Nxd5 11. Bxd5 Qxd5 12. Bg5 Bd3 13. Qh5 Be7 14. Nf3
Bg6 15. Qh4 Bxg5+ 16. Nxg5 Qa5 17. Rhe1 O-O 0-1

[Event "DM 2022 G7 Grp1"]
[Site "Svendborg"]
[Date "2022.04.17"]
[Round "6"]
[White "Hollesen, Kurt"]
[Black "Jalving, August"]
[Result "0-1"]
[WhiteElo "1911"]
[BlackElo "1879"]
[PlyCount "80"]
[EventDate "2022.04.12"]
[EventType "swiss"]
[EventRounds "7"]
[EventCountry "DEN"]

1. e4 c6 2. d4 d5 3. exd5 cxd5 4. Bd3 Nc6 5. c3 Nf6 6. Bf4 e6 7. Nd2 Bd6 8. Qf3
e5 9. dxe5 Nxe5 10. Bxe5 Bxe5 11. Qe2 O-O 12. O-O-O Re8 13. Qf1 d4 14. c4 b5
15. Ngf3 bxc4 16. Nxe5 cxd3 17. Nxd3 Qa5 18. Kb1 Be6 19. Nc1 Bf5+ 20. Ka1 Red8
21. Ndb3 Qb6 22. h3 a5 23. Nd3 a4 24. Nbc1 a3 25. b3 Qc6 26. Qe1 Qc3+ 27. Qxc3
dxc3 28. Rhe1 Ne4 29. g4 c2 30. gxf5 cxd1=Q 31. Rxd1 Nc5 32. Kb1 Rd5 33. f6
gxf6 34. Rg1+ Kf8 35. Nxc5 Rxc5 36. Rg4 Rac8 37. Nd3 Rc2 38. Ra4 Rd2 39. Rxa3
Rxd3 40. Ra6 Rd2 0-1

[Event "DM 2022 G7 Grp1"]
[Site "Svendborg"]
[Date "2022.04.17"]
[Round "6"]
[White "Marthedal, Anton Mehmet Yildiz"]
[Black "Nielsen, Karsten Ejvind"]
[Result "1-0"]
[WhiteElo "2025"]
[BlackElo "1789"]
[PlyCount "109"]
[EventDate "2022.04.12"]
[EventType "swiss"]
[EventRounds "7"]
[EventCountry "DEN"]

1. d4 Nf6 2. c4 g6 3. Nc3 Bg7 4. e4 d6 5. h3 O-O 6. Bd3 c5 7. d5 e6 8. Nf3 exd5
9. exd5 Re8+ 10. Be3 Na6 11. O-O Nc7 12. Qd2 b5 13. cxb5 Ncxd5 14. Nxd5 Nxd5
15. Bh6 Nb6 16. Bxg7 Kxg7 17. Rfe1 Bb7 18. Ng5 Qf6 19. Ne4 Bxe4 20. Bxe4 d5 21.
Bf3 Rxe1+ 22. Rxe1 Rd8 23. Qc3 Qxc3 24. bxc3 Kf6 25. Kf1 Na4 26. Re3 d4 27.
cxd4 cxd4 28. Ra3 Nc3 29. Ra6+ Kg7 30. Ke1 Nxb5 31. a4 Nd6 32. Rxa7 d3 33. Kd2
Nc4+ 34. Kc3 Ne5 35. Bd1 Rc8+ 36. Kd2 Nc4+ 37. Kc3 Ne5+ 38. Kd2 Rb8 39. f4 Nc6
40. Rc7 Nb4 41. Bb3 Re8 42. Rxf7+ Kh8 43. Kc3 d2 44. Kxd2 Nc6 45. Kd3 Re1 46.
Bd5 Nb4+ 47. Kc4 Nxd5 48. Kxd5 Rg1 49. g4 Rg3 50. Ke6 Rc3 51. Rd7 Rc4 52. a5
Ra4 53. f5 gxf5 54. Kf6 h5 55. Kg6 1-0